Normal view
MARC view
- Chronicles of The Mailed
Entry Geographic Name
001 - CONTROL NUMBER
- control field: 131019
003 - CONTROL NUMBER IDENTIFIER
- control field: NUST
005 - DATE AND TIME OF LATEST TRANSACTION
- control field: 20251008163845.0
008 - FIXED-LENGTH DATA ELEMENTS
- fixed length control field: 251008|| aca||aabn | a|a d
040 ## - CATALOGING SOURCE
- Original cataloging agency: NUST
- Transcribing agency: NUST
151 ## - HEADING--GEOGRAPHIC NAME
- Geographic name: Chronicles of The Mailed
670 ## - SOURCE DATA FOUND
- Source citation: Work cat.: (NUST)218044: Chronicles of The Mailed Fist Division (DNT), 2016
